Zborník o jazykových kategóriách

Bibliographic Details
Main Author: Jozefovič, Michal (Author)
Format: Article
Language:Slovak
ISSN:0037-6787
Subjects:

MARC

LEADER 00000nab a2200000 a 4500
001 vtls008692460
003 SK-MaSNL
005 20260303223411.0
008 140701c2005 xo |r||||o||||000 b|slo
015 |a SNBRB2006/04  |2 snkbucl 
038 |a SNKBUCL 
040 |a SNKBUCL  |b slo  |c SNKBUCL  |e AACR2 
041 0 |a slo 
044 |a xo  |c SK 
080 |a 81`366.5  |x (082)  |x (048)  |2 1997 
100 1 |a Jozefovič, Michal  |4 aut  |9 403862 
245 1 0 |a Zborník o jazykových kategóriách  |c Michal Jozefovič 
650 0 7 |a jazykové kategórie  |2 snkbucl  |9 75996 
650 0 7 |a gramatické kategórie  |2 snkbucl  |9 20091 
655 7 |a recenzie  |2 snkbucl  |9 21907 
773 0 |t Slavica slovaca  |g Roč. 40, č. 2 (2005), s. 180  |x 0037-6787 
787 0 8 |i Rec.:  |t Jazykové kategórie v teórii a praxi  |d Bratislava : Univerzita Komenského, 2005  |z 8022320447 
852 |a SNK  |b KIS3GCP 
958 |a RC 
999 |c 2247604  |d 2249534